000 00370 a2200109 4500
245 _aPolish heritage of Joseph Conrad
_hprint
650 _aliterature
005 20191021095355.0
260 _anyu
_bHaskell House
_c1965
084 _aPR6005.O4 Z78 1965
300 _a248 p. illus., ports. 24 cm.
_b248 p. illus., ports. 24 cm.
_c248 p. illus., ports. 24 cm.
999 _c12159
_d12159